<?xml version="1.0" encoding="UTF-8"?>
<record
    xmlns:xsi="http://www.w3.org/2001/XMLSchema-instance"
    xsi:schemaLocation="http://www.loc.gov/MARC21/slim http://www.loc.gov/standards/marcxml/schema/MARC21slim.xsd"
    xmlns="http://www.loc.gov/MARC21/slim">

  <leader>00867nam a2200217 a 4500</leader>
  <controlfield tag="001">BRCA_6056</controlfield>
  <controlfield tag="005">20190320205321.0</controlfield>
  <controlfield tag="008">170608s2005----mx-a---###---#000-0#spa-#</controlfield>
  <datafield tag="050" ind1=" " ind2="4">
    <subfield code="a">NK8899.5.S4</subfield>
    <subfield code="b">.C66 2005</subfield>
  </datafield>
  <datafield tag="100" ind1="1" ind2=" ">
    <subfield code="a">Contreras Vargas, Jannen</subfield>
    <subfield code="9">15283</subfield>
  </datafield>
  <datafield tag="245" ind1="1" ind2="0">
    <subfield code="a">Evaluaci&#xF3;n de dos productos de quitina para el refuerzo de hilos de bordado de seda.</subfield>
  </datafield>
  <datafield tag="260" ind1=" " ind2=" ">
    <subfield code="a">Ciudad de M&#xE9;xico</subfield>
    <subfield code="c">2005</subfield>
  </datafield>
  <datafield tag="300" ind1=" " ind2=" ">
    <subfield code="a">148 p.</subfield>
    <subfield code="b">il.</subfield>
  </datafield>
  <datafield tag="502" ind1=" " ind2=" ">
    <subfield code="a">Tesis Licenciatura (Licenciada en Restauraci&#xF3;n de Bienes Muebles) Escuela Nacional de Conservaci&#xF3;n, Restauraci&#xF3;n y Museograf&#xED;a &#xB4;Manuel del Castillo Negrete&#xB4;</subfield>
  </datafield>
  <datafield tag="650" ind1="1" ind2="4">
    <subfield code="a">Bordado</subfield>
    <subfield code="v">Evaluaci&#xF3;n</subfield>
    <subfield code="x">Historia</subfield>
    <subfield code="9">15284</subfield>
  </datafield>
  <datafield tag="650" ind1="1" ind2="4">
    <subfield code="a">Seda</subfield>
    <subfield code="v">Evaluaci&#xF3;n</subfield>
    <subfield code="x">Productos qu&#xED;micos</subfield>
    <subfield code="9">15285</subfield>
  </datafield>
  <datafield tag="700" ind1="1" ind2=" ">
    <subfield code="a">Mainou Cervantes, Luisa</subfield>
    <subfield code="e">asesor</subfield>
    <subfield code="9">15286</subfield>
  </datafield>
  <datafield tag="700" ind1="1" ind2=" ">
    <subfield code="a">S&#xE1;nchez Guevara, Fernando</subfield>
    <subfield code="e">asesor</subfield>
    <subfield code="9">15287</subfield>
  </datafield>
  <datafield tag="902" ind1=" " ind2=" ">
    <subfield code="a">TES</subfield>
  </datafield>
  <datafield tag="942" ind1=" " ind2=" ">
    <subfield code="2">lcc</subfield>
    <subfield code="c">TES</subfield>
  </datafield>
  <datafield tag="999" ind1=" " ind2=" ">
    <subfield code="c">5743</subfield>
    <subfield code="d">5743</subfield>
  </datafield>
  <datafield tag="952" ind1=" " ind2=" ">
    <subfield code="0">0</subfield>
    <subfield code="1">0</subfield>
    <subfield code="4">0</subfield>
    <subfield code="7">0</subfield>
    <subfield code="a">BRCA</subfield>
    <subfield code="b">BRCA</subfield>
    <subfield code="d">2011-05-24</subfield>
    <subfield code="l">0</subfield>
    <subfield code="o">NK8899.5.S4 .C66 2005</subfield>
    <subfield code="p">TES00022</subfield>
    <subfield code="r">2019-03-22 00:00:00</subfield>
    <subfield code="w">2019-03-22</subfield>
    <subfield code="y">TES</subfield>
  </datafield>
</record>
